Limnología: trabajos prácticos
Enregistré dans:
| Auteur principal: | |
|---|---|
| Autres auteurs: | , , |
| Format: | Livre |
| Langue: | espagnol |
| Publié: |
Osorno, Chile
Universidad de Los Lagos
2003
|
| Sujets: | |
| Tags: |
Ajouter un tag
Pas de tags, Soyez le premier à ajouter un tag!
|
MARC
| LEADER | 00000nam a2200000 a 4500 | ||
|---|---|---|---|
| 001 | UCL4521 | ||
| 003 | CL-VaPUC | ||
| 005 | 20200723151605.0 | ||
| 008 | 040116e20030000CL |||||||||||||||||spa|d | ||
| 999 | |c 307345 |d 307343 | ||
| 040 | |c Pontificia Universidad Católica de Valparaíso | ||
| 082 | 0 | 4 | |a 551.48 DON 2003 |2 21 |
| 100 | 0 | |a Donoso Lastra, Teresa |9 482066 | |
| 245 | 1 | 0 | |a Limnología: trabajos prácticos |
| 260 | 0 | 3 | |a Osorno, Chile |b Universidad de Los Lagos |c 2003 |
| 300 | |a 53 páginas | ||
| 500 | |a Libro en Laboratorio de Práctica Docente de Biología | ||
| 583 | |a last modification |c 20040116 00:00:00 |k Rodrigo Vera | ||
| 650 | 7 | |a LIMNOLOGIA |2 CL-VaPUC |9 261208 | |
| 700 | 0 | |a Sepúlveda Obreque, Alejandro |9 482067 | |
| 700 | 0 | |a Barra Avendaño, José |9 482068 | |
| 700 | 0 | |a Núñez Romero, Francisco |9 482069 | |
| 942 | |c BK |2 ddc | ||
| 945 | |d 20040116 00:00:00 |a cmena | ||
| 952 | |0 0 |1 0 |2 ddc |4 0 |6 551_480000000000000_DON_2003 |7 0 |8 A |9 373247 |a BIBCUR |b BIBCUR |d 2019-11-21 |i 3978710 |o 551.48 DON 2003 |p 3978710 |r 2025-04-22 |t 1 |w 2019-11-21 |y BK |k BIO | ||